| 000 | 00854nam a2200313 i 4500 | ||
|---|---|---|---|
| 001 | 17902 | ||
| 003 | ES-MaACL | ||
| 005 | 20230906151718.0 | ||
| 007 | t| | ||
| 008 | 010619s2001 sp |||| | spa d | ||
| 020 | _a84-7426-483-9 | ||
| 020 | _a84-8452-050-1 | ||
| 080 | _a330.342.14 | ||
| 080 | _a33(100)"1995/..." | ||
| 080 | _a338.27 | ||
| 100 | 1 |
_aGeorge, Susan. _956387 |
|
| 245 | 1 | 0 |
_aInforme Lugano / _cSusan George. |
| 250 | _a3ª ed. | ||
| 260 |
_aBarcelona : _bIcaria : _bIntermón, _c2001. |
||
| 300 |
_a255 p. ; _c22 cm. |
||
| 490 | 1 |
_aEncuentro ; _v1 |
|
| 650 | 1 | 4 |
_aCapitalismo- _yS.XX. _910766 |
| 650 | 1 | 4 |
_aEconomía mundial- _y1989-2008. _9168837 |
| 650 | 1 | 4 |
_aPrevisión económica. _916400 |
| 710 | 2 |
_aIntermón. _95259 |
|
| 830 | 1 |
_aEncuentro ; _v1 _9228752 |
|
| 852 |
_aES-MaACL _jL-24736 |
||
| 999 |
_c17902 _d17902 |
||